| 000 | 00360nam a2200133Ia 4500 | ||
|---|---|---|---|
| 003 | OSt | ||
| 008 | 191201s2007 xx 000 0 und d | ||
| 100 | _aRONHUBBARD, L | ||
| 245 | 0 | _aScientology 8-80 the Genus Homo Sapiens Discovery and Increase of Life Energy | |
| 260 |
_aN. Delhi _bHubbard Pub _c2007 |
||
| 300 | _a199 | ||
| 650 | _aGeneral Books | ||
| 942 |
_2ddc _cBK |
||
| 999 |
_c14 _d14 |
||